Gududittina pakki (Record no. 214817)

MARC details
000 -LEADER
fixed length control field 00631nam a2200217Ia 4500
003 - CONTROL NUMBER IDENTIFIER
control field OSt
005 - DATE AND TIME OF LATEST TRANSACTION
control field 20250916141927.0
008 - FIXED-LENGTH DATA ELEMENTS--GENERAL INFORMATION
fixed length control field 210719s1984 xx 000 0 und d
040 ## - CATALOGING SOURCE
Transcribing agency AL
041 ## - LANGUAGE CODE
Language code of text/sound track or separate title Tulu
082 ## - DEWEY DECIMAL CLASSIFICATION NUMBER
Classification number T894.2 ANAG
100 ## - MAIN ENTRY--PERSONAL NAME
Personal name ANANDA (Pa Kru)
Dates associated with a name ಆನಂದ (ಪಾ ಕೃ)
9 (RLIN) 238778
245 ## - TITLE STATEMENT
Title Gududittina pakki
Remainder of title ಗೂಡುಡಿತ್ತಿನ ಪಕ್ಕಿ
260 ## - PUBLICATION, DISTRIBUTION, ETC.
Place of publication, distribution, etc. Putturu
Name of publisher, distributor, etc. Vishvakalaniketana
Date of publication, distribution, etc. 1984
300 ## - PHYSICAL DESCRIPTION
Extent 28
Other physical details PB
365 ## - TRADE PRICE
Price amount 3
Currency code Rs
650 ## - SUBJECT ADDED ENTRY--TOPICAL TERM
Topical term or geographic name entry element Tulu Drama
9 (RLIN) 238779
650 ## - SUBJECT ADDED ENTRY--TOPICAL TERM
Topical term or geographic name entry element Tulu Drama
9 (RLIN) 238779
906 ## - LOCAL DATA ELEMENT F, LDF (RLIN)
a Gududittina ; natako ; pakki ; samajika ; Tulu
942 ## - ADDED ENTRY ELEMENTS (KOHA)
Source of classification or shelving scheme Dewey Decimal Classification
Koha item type Book
Holdings
Withdrawn status Lost status Source of classification or shelving scheme Damaged status Not for loan Collection code Home library Current library Shelving location Date acquired Cost, normal purchase price Total Checkouts Full call number Barcode Date last seen Price effective from Koha item type Public note
    Dewey Decimal Classification     Tulu St Aloysius Library St Aloysius Library Secondary stack section 06/02/2008 3.00   T894.2 ANAG D03431 07/19/2021 07/19/2021 Donated Books Donated by Dr Mahalinga Bhat